In the ice caves of Krog / (Record no. 21588)

MARC details
000 -LEADER
fixed length control field 03426nam a22004937a 4500
005 - DATE AND TIME OF LATEST TRANSACTION
control field 20090120111014.0
008 - FIXED-LENGTH DATA ELEMENTS--GENERAL INFORMATION
fixed length control field 090120t xxu||||| |||| 00| 0 eng d
010 ## - LCCN (DPL NO)
LC control number B-344252-262
020 ## - INTERNATIONAL STANDARD BOOK NUMBER
International Standard Book Number 0439560403
Terms of availability 110.00
035 ## - SYSTEM CONTROL NUMBER
System control number B-344252-262
035 ## - SYSTEM CONTROL NUMBER
System control number B-357788
037 ## - SOURCE OF ACQUISITION
Source of stock number/acquisition Tarun Books
040 ## - CATALOGING SOURCE
Original cataloging agency DPL
Language of cataloging English
082 ## - DEWEY DECIMAL CLASSIFICATION NUMBER
Classification number S
100 ## - MAIN ENTRY--PERSONAL NAME
Personal name Abbott, Tony
245 ## - TITLE STATEMENT
Title In the ice caves of Krog /
Statement of responsibility, etc by Tony Abbott ; illustrated by Gil Adams
260 ## - PUBLICATION, DISTRIBUTION, ETC. (IMPRINT)
Place of publication, distribution, etc New York
Name of publisher, distributor, etc Scholastic
Date of publication, distribution, etc 2008 (repr.)
270 ## - ADDRESS
Address 557 Broadway
City New York
Postal code NY 10012
300 ## - PHYSICAL DESCRIPTION
Extent 114p.
Other physical details ill. ;
Dimensions 20cm. (pbk)
440 ## - SERIES STATEMENT/ADDED ENTRY--TITLE
Title Little apple
490 ## - SERIES STATEMENT
Series statement The secrets of Droon ; 20
650 ## - SUBJECT ADDED ENTRY--TOPICAL TERM
Topical term or geographic name as entry element Droon (Imaginary place)
Form subdivision Juvenile fiction.
650 ## - SUBJECT ADDED ENTRY--TOPICAL TERM
Topical term or geographic name as entry element Magic
Form subdivision Juvenile fiction.
650 ## - SUBJECT ADDED ENTRY--TOPICAL TERM
Topical term or geographic name as entry element Fantasy.
655 ## - INDEX TERM--GENRE/FORM
Genre/form data or focus term Fantasy fiction
Form subdivision Juvenile fiction.
700 ## - ADDED ENTRY--PERSONAL NAME
Personal name Adams, Gil
830 ## - SERIES ADDED ENTRY--UNIFORM TITLE
Uniform title Abbott, Tony.
Title of a work Secrets of Droon ;
Volume number/sequential designation #20.
942 ## - ADDED ENTRY ELEMENTS (KOHA)
Source of classification or shelving scheme Dewey Decimal Classification
Item type Children Books
Classification part S
Call number suffix ABB
Holdings
Withdrawn status Lost status Source of classification or shelving scheme Damaged status Not for loan Collection code Home library Current library Date acquired Source of acquisition Cost, normal purchase price Total Checkouts Full call number Barcode Date last seen Copy number Cost, replacement price Koha item type Total Renewals Public note
    Dewey Decimal Classification     Fiction Bawana Bawana 25/08/2009 Tarun Books/3939/15.5.09/13/23.4.09/4.7.09 110.00 1 S ABB B-344260 03/07/2019 1 110.00 Children Books    
    Dewey Decimal Classification     Fiction Central Library Central Library 25/08/2009 Tarun Books/3939/15.5.09/13/23.4.09/4.7.09 110.00 1 S ABB B-344252 28/09/2017 1 110.00 Children Books    
Withdrawn   Dewey Decimal Classification     Fiction Janak Puri Janak Puri 18/09/2009 Tarun Books/4121/9.9.09/89/2.9.09/11.9.09 110.00 31 S ABB B-357788 21/01/2017 1 110.00 Children Books 1  
    Dewey Decimal Classification     Fiction Karol Bagh Karol Bagh 25/08/2009 Tarun Books/3939/15.5.09/13/23.4.09/4.7.09 110.00   S ABB B-344258 25/08/2009 1 110.00 Children Books    
Written off   Dewey Decimal Classification     Fiction Narela Narela 25/08/2009 Tarun Books/3939/15.5.09/13/23.4.09/4.7.09 110.00   S ABB B-344259 25/08/2009 1 110.00 Children Books   Written off on approval by DLB (By Circulation); dtd 20.12.2022
  Written-off vide DLB M. No. 383 dt 16.05.19 Dewey Decimal Classification     Fiction New Rajendra Nagar New Rajendra Nagar 25/08/2009 Tarun Books/3939/15.5.09/13/23.4.09/4.7.09 110.00   S ABB B-344255 25/08/2009 1 110.00 Children Books    
Withdrawn   Dewey Decimal Classification     Fiction Patel Nagar Patel Nagar 25/08/2009 Tarun Books/3939/15.5.09/13/23.4.09/4.7.09 110.00   S ABB B-344253 25/08/2009 1 110.00 Children Books    
    Dewey Decimal Classification     Fiction Peshwa Road Peshwa Road 25/08/2009 Tarun Books/3939/15.5.09/13/23.4.09/4.7.09 110.00   S ABB B-344254 25/08/2009 1 110.00 Children Books    
    Dewey Decimal Classification     Fiction Sarojini Nagar Sarojini Nagar 25/08/2009 Tarun Books/3939/15.5.09/13/23.4.09/4.7.09 110.00   S ABB B-344256 25/08/2009 1 110.00 Children Books    
Written off   Dewey Decimal Classification     Fiction Shahdara Branch Shahdara Branch 25/08/2009 Tarun Books/3939/15.5.09/13/23.4.09/4.7.09 110.00   S ABB B-344261 25/08/2009 1 110.00 Children Books   Written off on approval by DLB (By Circulation); dtd 20.12.2022
    Dewey Decimal Classification     Fiction Vinoba Puri Vinoba Puri 25/08/2009 Tarun Books/3939/15.5.09/13/23.4.09/4.7.09 110.00 4 S ABB B-344257 01/02/2014 1 110.00 Children Books 1  
    Dewey Decimal Classification     Fiction Yojana Vihar Yojana Vihar 25/08/2009 Tarun Books/3939/15.5.09/13/23.4.09/4.7.09 110.00   S ABB B-344262 25/08/2009 1 110.00 Children Books    

© Delhi Public Library
Hit Counter
free hit counter